Statistics for Click a Valid Country A-Z

Click here to take the quiz!

General Stats

  • This quiz has been taken 277,866 times
    (277,825 since last reset)
  • The average score is 12 of 24

Answers on the Map

Answers color-coded by a green-red scale on the quiz's map according to % correct below.
 

Answer Stats

Answer% Correct
A
65%
B
61%
C
61%
M
57%
R
57%
U
57%
I
56%
E
54%
F
54%
S
54%
P
52%
G
51%
J
51%
N
51%
D
50%
K
49%
T
49%
L
48%
V
46%
Y
42%
H
41%
O
41%
Z
40%
Q
39%

Score Distribution

Percentile by Number Answered

Percent of People with Each Score

Your Score History

You have not taken this quiz since the last reset